00499nam a2200121Ia 4500008004100000024006000041082001700101100008400118245008200202260002600284600003400310650003300344260210s9999 xx 000 0 und d a16B-084-EL, 16B-066-EL, 16B-137-EL & 16B-147-EL a004.1675 SAE aMasabah Saeed, Saniya Mazahir, Syed Ramis Ali & Muhammad Abdul Rehman Javed 0aSecure image transmission through raspberry PI (based on encrypted algorithm) aKarachi:bUITU,c2016 aTelecommunication Engineering aBachelor of Engineering (BE)